00455nam a2200169Ia 4500003000400000005001700004008004100021020001400062040000700076041000800083082002200091100005000113245005700163260003500220300001500255365001500270OSt20230327153229.0210423s2003 xx 000 0 und d a824708806 cAL aeng a547.05 223bGARA aGARNOVSKII (Alexander D);KHARISOV (Boris),Ed. aSynthetic coordination and organometallic chemistry. aNew YorkbMarcel Dekkkarc2003 aix,513bHB b10950cINR